000 00345nam a22001337a 4500
008 170925b xxu||||| |||| 00| 0 eng d
020 _a9780787948474
041 _aeng
080 _a37
100 _a46
101 _aEDU
245 _aUNDERSTANDING THE IMPACT OF REVERSE TRANSFER STUDENTSON COMMUNITY COLLEGES
_cTOWNSEND,B.K
942 _2udc
_cBK
999 _c29596
_d29596